Top 100 des personnages les plus puissants de One Piece - Statistiques

Statistiques générales
  • Ce quiz a été pris 326 fois
  • Le résultat moyen est 56 sur 99
Statistiques - réponses
Numéro Personnages % Correct
15 Monkey D. Luffy
97%
4 Edward Newgate
94%
30 Roronoa Zoro
93%
27 Charlotte Linlin
90%
3 Gol D. Rogers
90%
6 Shanks
90%
22 Kaido
89%
1 Imu Sama
88%
38 Vinsmoke Sanji
87%
11 Monkey D. Garp
86%
7 Marshall D. Teach
85%
73 Nami
83%
26 Dracule Mihawk
82%
39 Jinbe
81%
50 Nico Robin
81%
2 Rocks D. Xebec
81%
10 Akainu
80%
43 Crocodile
79%
5 Monkey D. Dragon
78%
60 Brook
77%
31 Aokiji
76%
40 Don Quichotte Doflamingo
76%
33 Kizaru
76%
78 Tony-tony Chopper
76%
28 Trafalgar D. Water Law
76%
59 Franky
74%
32 Charlotte Katakuri
73%
29 Eustass Kidd
73%
8 Sengoku
73%
77 Usopp
73%
45 King
72%
41 Portgas D. Ace
71%
46 Queen
70%
23 Sabo
69%
12 Silvers Rayleigh
68%
14 Kozuki Oden
66%
34 Fujitora
65%
71 Bartholomew Kuma
64%
44 Boa Hancock
64%
24 Loki
64%
36 Marco
64%
94 Baggy
62%
21 Jaygarcia Saturn
62%
13 Scopper Gaban
58%
47 Jack
57%
49 Rob Lucci
57%
16 Marcus Mars
56%
72 Killer
55%
37 Ben Beckmann
54%
86 Jewerly Bonney
54%
35 Ryokugyu
52%
81 Basile Hawkins
51%
58 Ener
51%
85 Kozuki Momonosuke
51%
9 Figarland Garling
50%
20 Figarland Shamrock
50%
75 Kinemon
50%
80 Urouge
50%
61 Kobby
49%
76 Smoker
49%
66 Kaku
48%
79 X-Drake
48%
48 Magellan
47%
42 Yamato
47%
82 Capone Bege
46%
56 Charlotte Cracker
46%
57 Charlotte Perospero
46%
88 Empério Ivankov
46%
52 Jessus Burgess
45%
54 Joz
45%
67 Caborage
43%
83 Scratchmen Apoo
43%
51 Shiliew
43%
68 Chavipere
42%
19 Shepered ju peter
42%
65 César Clown
41%
18 Topman Warcury
41%
70 Bartolomeo
40%
84 Denjiro
38%
17 Ethanbaron V. Nusjuro
37%
99 Vegapunk
37%
69 Cavendish
35%
90 Hody Jones
35%
87 Tashigi
32%
98 Nefertari D. Vivi
31%
25 Gunko
29%
93 Stussy
29%
91 Kurozumi Kanjuro
28%
89 Pedro
28%
55 Vinsmoke Judge
27%
53 Edward Weeble
25%
96 Perona
25%
92 Carotte
23%
97 Charlotte Pudding
23%
63 Vinsmoke Niji
23%
74 Vinsmoke Reiju
23%
62 Vinsmoke Ichiji
22%
64 Vinsmoke Yonji
20%
95 Lilith
12%
Aucun quiz correspondant
Distribution des résultats
% des personnes avec chaque résultat
Percentile par nombre de réponses
Votre historique - résultats
Vous n’avez pas pris ce quiz